Responses for Show #4223 - Wednesday, January 1, 2003

Contestants

[<< previous game]

Desi Hopkins, a Ph.D. student and graduate instructor from Charlottesville, Virginia

Jeff Lovingood, a middle school teacher from Jacksonville, North Carolina

Brandon Grace, a county government employee from Anderson, South Carolina (whose 1-day cash winnings total $23,800)

[next game >>]

Jeopardy! Round responses

PHILADELPHIA FREEDOM
ROCKET MAN
DANIEL
DON'T GO BREAKING MY HEART
HONKY "CAT"
(Alex: And the common element...)
ELTON JOHN
    $200 1
Brotherly Love

Jeff
    $200 3
(Brandon: What is 13?)

7

BrandonJeff
    $200 4
the lions' den

Brandon
    $200 15
the altar

Brandon
    $200 14
catalog

Brandon
    $200 26
"Candle in the Wind"

Brandon
    $100 2
(Jeff: What is McDonald's?)

the U.S. Mint

Jeff
    $400 7
commit suicide

Brandon
    $400 12
Jerusalem

Jeff
    $400 16
(Desi: What is an engagement ring?)

rose

JeffDesi
    $400 19
catgut

Brandon
    $400 27
(Jeff: What is "Keep Smiling?")

"That's What Friends are for"

BrandonJeff
    $600 5
(Desi: What is Constitution Hall?)
(Brandon: What is Liberty Hall?)

Independence Hall

BrandonDesi
Triple Stumper
    $600 8
Senator Jake Garn

Brandon
    $600 13
judge

Jeff
    $600 23
(Alex: With a minute to go now.)

femme fatale

Brandon
    $600 20
catamaran

Jeff
    $600 28
[buzzer sounds to end the round]

the "Crocodile Rock"

Jeff
    $800 6
(Desi: Who is Aaron Burr?)

Benedict Arnold

JeffDesi
    $800 9
Czechoslovakia

Triple Stumper
    $800 17
Nebuchadnezzar

Jeff
    $800 24
irreconcilable differences

Desi
    $800 21
catapult

Brandon
    $1000 11
Auguste Rodin

Brandon
    $1000 10
(Jeff: Who is Gus Grissom?)

Scott Carpenter

Jeff
Triple Stumper
    $1000 18
Aramaic

Jeff
    $1000 25
in flagrante delicto

Jeff
    $1000 22
catechism

Brandon

Scores at the first commercial break (after clue 13):

Brandon Jeff Desi
$1,400 $1,100 -$1,400

Scores at the end of the Jeopardy! Round:

Brandon Jeff Desi
$5,200 $5,100 -$1,000

Double Jeopardy! Round responses

U.S. PRESIDENTS
(Alex: That's always a good subject on this show.)
MOVIE MUSICALS
A SHAKESPEARE TOUR
ROCKS & MINERALS
YOU COULD PUT AN EYE OUT
"OU" 5-LETTER WORDS
    $400 7
Republican

Brandon
    $400 1
Mary Poppins

Jeff
    $400 2
England

Jeff
    $400 21
pyrite

Jeff
    $400 15
Sling Blade

Brandon
    $400 25
pound

Brandon
    $800 8
Dwight D. Eisenhower

Jeff
    $800 5
The King and I

Desi
    $800 3
Venice

Triple Stumper
    $800 22
graphite

Brandon
    $800 17
javelin

Desi
    $1,500 9
(Jeff: Who is Ronald Reagan?)

Jimmy Carter or George H.W. Bush

Jeff
    $1200 6
Gypsy

Brandon
    $1200 4
(Brandon: What is Agincourt?)

Bosworth Field

BrandonJeff
    $1200 23
(Desi: What is granite?)
....
(Alex: Minute left.)

marble

JeffDesi
    $1200 18
probe

Jeff
    $1600 11
James K. Polk

Triple Stumper
    $1600 13
West Side Story

Jeff
    $1600 10
Verona

Brandon
    $2,000 24
(Jeff: What is carbon?)

quartz

Jeff
    $1600 19
(Brandon: What is a shiv?)

shank

BrandonJeff
    $2000 12
George Washington

Triple Stumper
    $2000 16
Guys and Dolls

Triple Stumper
    $2000 14
Dunsinane

Jeff
    $2000 26
(Jeff: What is the Iron Age?)
(Brandon: What is the Bronze Age?)

Atomic Age

BrandonJeff
Triple Stumper
    $2000 20
punji stick

Jeff
    $2000 27
[The end-of-round signal sounds.]

loupe

Brandon

Scores at the end of the Double Jeopardy! Round:

Brandon Jeff Desi
$7,200 $12,400 -$600

[wagering suggestions for these scores]

Final Jeopardy! Round responses

U.S. STATES
(Alex: When I looked at this clue earlier today, I missed it!)
BrandonWhat is Maine?
$5,201
JeffWhat is West Virginia
$2,600
Vermont

Final scores:

Brandon Jeff Desi
$1,999 $9,800 -$600
2nd place: $2,000 New champion: $9,800 3rd place: $1,000

Game dynamics:

Coryat scores:

Brandon Jeff Desi
$7,200 $16,000 -$600
19 R,
5 W
22 R,
6 W
(including 3 DDs)
3 R,
4 W

Combined Coryat: $22,600

[game clues] [game scores] [suggest correction]

Game tape date: 2002-09-24
The J! Archive is created by fans, for fans. Scraping, republication, monetization, and malicious use prohibited; this site may use cookies and collect identifying information. See terms. The Jeopardy! game show and all elements thereof, including but not limited to copyright and trademark thereto, are the property of Jeopardy Productions, Inc. and are protected under law. This website is not affiliated with, sponsored by, or operated by Jeopardy Productions, Inc. Join the discussion at JBoard.tv.